Routledge Handbook of the Digital Environmental Humanities (Record no. 65346)

MARC details
000 -LEADER
fixed length control field 01383nam a2200313Ii 4500
008 - FIXED-LENGTH DATA ELEMENTS--GENERAL INFORMATION
fixed length control field 221202s xx 000 0 und d
245 #0 - TITLE STATEMENT
Title Routledge Handbook of the Digital Environmental Humanities
264 ## - PRODUCTION, PUBLICATION, DISTRIBUTION, MANUFACTURE, AND COPYRIGHT NOTICE
Name of producer, publisher, distributor, manufacturer Taylor & Francis
Date of production, publication, distribution, manufacture, or copyright notice 2023
300 ## - PHYSICAL DESCRIPTION
Extent 1 online resource (556 pages)
336 ## - CONTENT TYPE
Content type term text
Content type code txt
Source rdacontent
337 ## - MEDIA TYPE
Media type term computer
Media type code c
Source rdamedia
338 ## - CARRIER TYPE
Carrier type term online resource
Carrier type code cr
Source rdacarrier
490 ## - SERIES STATEMENT
Series statement Routledge Environment and Sustainability Handbooks
520 ## - SUMMARY, ETC.
Summary, etc. Cartography, Computing, Digital environmental humanities, Digital methods, Digital tools, Environment and sustainability, Environmental humanities, Environmental literature, Human geography, Indigenous, Informatics, Nature, Virtual spaces
653 ## - INDEX TERM--UNCONTROLLED
Uncontrolled term Cartography, Computing, Digital Environmental Humanities, Digital Methods, Digital Tools, Environment And Sustainability, Environmental Humanities, Environmental Literature, Human Geography, Indigenous, Informatics, Nature, Virtual Spaces
700 1# - ADDED ENTRY--PERSONAL NAME
Personal name 0000-0002-2846-8241
700 1# - ADDED ENTRY--PERSONAL NAME
Personal name 0000-0003-2370-7685
700 1# - ADDED ENTRY--PERSONAL NAME
Personal name 0000-0003-3633-9164
700 1# - ADDED ENTRY--PERSONAL NAME
Personal name 600
700 1# - ADDED ENTRY--PERSONAL NAME
Personal name 600
700 1# - ADDED ENTRY--PERSONAL NAME
Personal name 600
700 1# - ADDED ENTRY--PERSONAL NAME
Personal name Bergmann, Luke
700 1# - ADDED ENTRY--PERSONAL NAME
Personal name Crampsie, Arlene
700 1# - ADDED ENTRY--PERSONAL NAME
Personal name Dixon, Deborah P.
700 1# - ADDED ENTRY--PERSONAL NAME
Personal name Legg, Robert
700 1# - ADDED ENTRY--PERSONAL NAME
Personal name Travis, Charles
856 ## - ELECTRONIC LOCATION AND ACCESS
Uniform Resource Identifier <a href="https://library.oapen.org/handle/20.500.12657/57645">https://library.oapen.org/handle/20.500.12657/57645</a>
942 ## - ADDED ENTRY ELEMENTS (KOHA)
Koha item type E-Book
Holdings
Withdrawn status Damaged status Not for loan Home library Current library Date acquired Total Checkouts Date last seen Price effective from Koha item type
      Directory of Open Access Books Directory of Open Access Books 11/28/2022   11/28/2022 11/28/2022 E-Book

University of Rizal System
Email us at univlibservices@urs.edu.ph

Visit our Website www.urs.edu.ph/library